Представление документа в формате MARC21

Поле Инд. ПП Название Значение
Тип записи a
Библиографический уровень m
001 _ Контрольный номер RU\infra-m\znanium\bibl\1838389
005 _ Дата корректировки 20250915104054.5
008 Кодируемые данные 210824s2021 RU g rus u
020 a ISBN 978-5-16-009672-8
020 a ISBN 978-5-16-100994-9
040 a Служба первич. каталог. Общество с ограниченной ответственностью «ЗНАНИУМ»
041 a Код языка текста rus
044 a Код страны публикации RU
080 a Индекс УДК 159.923(075.8)
084 2 Источник индекса rubbk
a Индекс другой классификации/Индекс ББК 88.3я73
084 2 Источник индекса okso
a Индекс другой классификации/Индекс ББК 37.04.01
084 2 Источник индекса okso
a Индекс другой классификации/Индекс ББК 37.03.01
100 1_ a Автор Гуревич Павел Семенович
q Полное имя Павел Семенович
245 a Заглавие Психология личности
b Продолж. заглавия Учебник
c Ответственность Московский государственный университет им. М.В. Ломоносова, факультет психологии
250 a Основные сведения об издании 2
260 a Место издания Москва
b Издательство ООО "Научно-издательский центр ИНФРА-М"
c Дата издания 2022
300 a Объем 479 с.
520 a Аннотация В учебнике рассмотрены такие проблемы, как человеческая природа, человеческая сущность, человеческая субъективность, уникальность человека, проблема целостности и др. Показано, что личность - это вечное напряжение и искание. Личность всегда прорыв в духовную сферу. По мнению Н.А. Бердяева, завоевание духовности есть главная задача человеческой жизни. Содержание учебника представляет собой сочетание теоретического и прикладного аспектов изучения личности, ее развития, мотивации, психического здоровья и психопатологии. Особое внимание уделено типологиям личности.
521 a Примеч. о целев. назн. ВО - Бакалавриат
650 a Основная рубрика Педагогика. Образование. Психология
x Основная подрубрика Психология личности. Акмеология
852 x Примечание, не предназначенное для пользователя znanium2022
856 4_ a Имя сервера/домена znanium.com
m Помощь ebs_support@infra-m.ru
n Местонахождение сервера НИЦ ИНФРА-М
u URL http://znanium.com/catalog/document?id=385866
z Примечание для пользователя Участвует в КО
856 41 a Имя сервера/домена znanium.com
d Путь /cover/1838
f Электронное имя 1838389.jpg
q Тип электронного формата image/jpeg
u URL https://znanium.com/cover/1838/1838389.jpg